00551nam a22001811a 45000010005000000030004000050050017000090080041000260200015000670500017000820820017000991000032001162450099001482640052002473000010002996500030003097000030003392367OSt20260204211809.0040218s2000||||xx ||||||b||||||||||spa|| a8471124483 a370.115 B41d a370.115 B41d aBeltran Llavador, Francisco aDiseñar la coherencia escolar: bases para el proyecto educativo / Francisco Beltran Llavador aSin lugar, desconocido o indeterminado : Morota a127 p a1.Educación: Desarrollo aMartín Alonzo, AngelÌ